Drug Use Forecasting: An Insight into Arrestee Drug Use

Saved in:  
Bibliographic Details
Authors: Herbert, E.E. (Author) ; O'Neil, J.A. (Author)
Format: Print Article
Language:English
Published: United States Department of Justice, National Institute of Justice 1991
In:Enthalten in: Reports 224
Check availability: HBZ Gateway

MARC

LEADER 00000caa a22000002c 4500
001 1912524090
003 DE-627
005 20250127054944.0
007 tu
008 241217s1991 xx ||||| 00| ||eng c
035 |a (DE-627)1912524090 
035 |a (DE-599)KXP1912524090 
040 |a DE-627  |b ger  |c DE-627  |e rda 
041 |a eng 
084 |a 2,1  |2 ssgn 
100 1 |a Herbert, E.E.  |e VerfasserIn  |4 aut 
245 1 0 |a Drug Use Forecasting: An Insight into Arrestee Drug Use 
264 1 |b United States Department of Justice, National Institute of Justice  |c 1991 
336 |a Text  |b txt  |2 rdacontent 
337 |a ohne Hilfsmittel zu benutzen  |b n  |2 rdamedia 
338 |a Band  |b nc  |2 rdacarrier 
700 1 |a O'Neil, J.A.  |e VerfasserIn  |4 aut 
773 0 8 |i Enthalten in  |t Reports 224 
787 0 8 |i Forschungsdaten  |a United States Department of Justice. Office of Justice Programs. National Institute of Justice  |t Drug Use Forecasting in 24 Cities in the United States, 1987-1997  |d [Erscheinungsort nicht ermittelbar] : [Verlag nicht ermittelbar], 1991  |w (DE-627)1840067470 
935 |a mkri 
951 |a AR 
ELC |b 1 
LOK |0 000 xxxxxcx a22 zn 4500 
LOK |0 001 4637489598 
LOK |0 003 DE-627 
LOK |0 004 1912524090 
LOK |0 005 20241217044349 
LOK |0 008 241217||||||||||||||||ger||||||| 
LOK |0 035   |a (DE-2619)ICPSR13989 
LOK |0 040   |a DE-2619  |c DE-627  |d DE-2619 
LOK |0 092   |o n 
LOK |0 852   |a DE-2619 
LOK |0 852 1  |9 00 
LOK |0 935   |a uvkn  |a nacp 
LOK |0 939   |a 17-12-24  |b l01 
ORI |a SA-MARC-krimdoka001.raw